000 01152naa a22003257a 4500
001 BR8700626
003 BR-BrBNA
005 20240918175753.0
007 ta
008 230509b bl.||||| |||| 00| 0 por d
040 _aBR-BrBNA
_bpor
_cBiblioteca Nacional de Agricultura
041 _a(Pt)
072 _aF04
_b2120
_b3840
090 _aF04 BR8700626
100 1 _aGarcia, A.W.R.
100 1 _aToledo, A.R.
100 1 _aGuerra Neto, E.G.
100 1 _aMata, J.M. da
111 1 _a10. Congresso Brasileiro de Pesquisas Cafeeiras
_cPocos de Caldas, MG (Brazil)
_d29 Aug 1983
245 1 _aEstudo de fontes e doses de magnesio no plantio e formacao do cafeeiro
260 3 _aRio de Janeiro, RJ (Brasil):
_c1983.
500 _aAnais do 10. Congresso Brasileiro de Pesquisas Cafeeiras Rio de Janeiro, RJ (Brasil): 1983. p. 151-152 (BR8700626-AM)F04
650 _aCAFE
650 _aADUBACAO
650 _aMAGNESIO
650 _aCALCIO
773 0 _tAnais do 10. Congresso Brasileiro de Pesquisas Cafeeiras
_wF04 BR8700626
_gRio de Janeiro, RJ (Brasil), 1983. p. 151-152
909 _a202404
_bLucia
_c55
_dLucia Elande
942 _cAM
_2AGRIS
999 _c318068
_d318068